Botany For Degree students: (Record no. 192458)

MARC details
000 -LEADER
fixed length control field 00686nam a22001937a 4500
005 - DATE AND TIME OF LATEST TRANSACTION
control field 20220922122203.0
010 ## - LCCN (DPL NO)
LC control number ENG-135190
020 ## - INTERNATIONAL STANDARD BOOK NUMBER
International Standard Book Number 9789352535309
Terms of availability 250.00
035 ## - SYSTEM CONTROL NUMBER
System control number EN-118714
037 ## - SOURCE OF ACQUISITION
Source of stock number/acquisition DBAD/PUB
082 ## - DEWEY DECIMAL CLASSIFICATION NUMBER
Classification number 581
100 ## - MAIN ENTRY--PERSONAL NAME
Personal name Pandey, B P.
245 ## - TITLE STATEMENT
Title Botany For Degree students:
Remainder of title Plant Physiology and Metabolism/
Statement of responsibility, etc B P Pandey
260 ## - PUBLICATION, DISTRIBUTION, ETC. (IMPRINT)
Place of publication, distribution, etc Delhi
Name of publisher, distributor, etc S. Chand
Date of publication, distribution, etc 2018
270 ## - ADDRESS
Address 7361, Ram Nagar, Qutab Road
City New Delhi
Postal code 110055
Telephone number 23672080-81-82, 66672000
Fax number 91-11-23677446
Electronic mail address info@schandpublishing.com
300 ## - PHYSICAL DESCRIPTION
Extent 72p.
Dimensions 24cm.(pbk)
Other physical details Glossary
500 ## - GENERAL NOTE
General note BSc Semester IV As Per UGC Choice Based Credit System(CBCS)
942 ## - ADDED ENTRY ELEMENTS (KOHA)
Item type English Books
Classification part 581
Source of classification or shelving scheme Dewey Decimal Classification
Call number suffix PAN
Holdings
Withdrawn status Lost status Not for loan Collection code Home library Current library Date acquired Source of acquisition Cost, normal purchase price Full call number Barcode Copy number Cost, replacement price Koha item type
      Non-fiction Bawana Bawana 22/09/2022 DBAD/PUB 250.00 581 PAN EN-118722 1 250.00 English Books

© Delhi Public Library
Hit Counter
free hit counter